=LDR 00000nam 2200000 4500 =001 INLIS000000000007280 =005 20130612095315 =008 ***********************************Ind** =035 ##$$0010-061300000007280 =041 ##$$a Ind =082 ##$$a 2x4.8 =090 ##$$a 2x4.8, Kha b =100 ##$$a Khalil, Munawar =245 ##$$a Biografi empat serangkai imam mazhab Hanafi; Maliky, Syafii dan Hanbali, KH. Munawar Khalil =260 ##$$a 1995 $b Jakarta =300 ##$$a 340 hlm., 21 cm =650 ##$$a Fiqih Perbandingan